| 000 | 00869nam a2200277Ia 4500 | ||
|---|---|---|---|
| 003 | OSt | ||
| 005 | 20221005072938.0 | ||
| 006 | a|||||r|||| 00| 0 | ||
| 007 | ta | ||
| 008 | 221004b |||||||| |||| 00| 0 eng d | ||
| 020 | _a8190382314 (hbk) | ||
| 024 | _a121132 | ||
| 037 |
_bGift, 14/09/2012, _cTextual |
||
| 040 |
_aCRL _cCRL _beng |
||
| 041 |
_2eng _aeng |
||
| 082 | _aV1N85.P1, P8 | ||
| 100 | _aSaradgi Iqbal Ahmed Ed. | ||
| 245 | 0 |
_aSAARC _b Socio - economic transformation |
|
| 260 |
_aNew Delhi _bFoundation for Peace and Sustainable Development India _c2008 |
||
| 300 |
_a342p. _ccm. |
||
| 650 | _aHISTORY | ||
| 700 | _a Sahni S. K. Ed. | ||
| 700 |
_a Srivastava R. N. Ed. _9607603 |
||
| 942 |
_hV1N85.P1, P8 _cTEXL _2cc |
||
| 999 |
_c980304 _d980304 |
||